Проблемы рационального использования энергетических ресурсов Таджикской ССР

Bibliographische Detailangaben
1. Verfasser: Бурханова М. А. Муазама Аликуловна
Weitere Verfasser: Шелест В. А. (редактор)
Sprache:Russisch
Veröffentlicht: Душанбе, Дониш, 1986
Schlagworte:
Format: MixedMaterials Buch
KOHA link:https://koha.lib.tpu.ru/cgi-bin/koha/opac-detail.pl?biblionumber=279292

MARC

LEADER 00000nam0a2200000 4500
001 279292
005 20231101235209.0
020 |a RU  |b 86-35130 
035 |a (RuTPU)RU\TPU\book\302570 
090 |a 279292 
100 |a 20141217d1986 k y0rusy5003 ca 
101 0 |a rus 
102 |a TJ 
105 |a a z 000zy 
200 1 |a Проблемы рационального использования энергетических ресурсов Таджикской ССР  |f М. А. Бурханова  |g под ред. В. А. Шелеста 
210 |a Душанбе  |c Дониш  |d 1986 
215 |a 111 с.  |c граф. 
606 1 |a Энергетические ресурсы  |x Использование  |2 stltpush  |3 (RuTPU)RU\TPU\subj\21245  |9 46265 
610 1 |a Таджикистан 
610 1 |a рациональное использование 
610 1 |a освоение 
610 1 |a перспективы 
610 1 |a энергопотребление 
610 1 |a экономические показатели 
610 1 |a электроемкость 
675 |a 620.91.004  |z rus  |v 4 
700 1 |a Бурханова  |b М. А.  |g Муазама Аликуловна  |4 070 
702 1 |a Шелест  |b В. А.  |4 340 
801 0 |a RU  |b RuMRKP  |c 19950704  |g psbo 
801 1 |a RU  |b 63413507  |c 20141217 
801 2 |a RU  |b 63413507  |c 20170417  |g RCR 
942 |c BK